[Event "?"]
[Site "ICC 2 10 08/27/97, Internet C"]
[Date "1997.??.??"]
[Round "?"]
[White "Brause"]
[Black "NightmovMi"]
[Result "1-0"]
[WhiteElo "2390"]
[BlackElo "2035"]
[PlyCount "117"]

1. e4 e5 2. Nf3 Nc6 3. Nc3 Nf6 4. Nxe5 Nxe5 5. d4 Ng6 6. e5 Ng8 7. Bc4 f6 8.
Qh5 Bb4 9. Bd3 N8e7 10. exf6 gxf6 11. Bh6 d5 12. O-O Bxc3 13. bxc3 Qd6 14. Bg7
Rg8 15. Qxh7 Nf4 16. Rae1 Be6 17. g3 Nxd3 18. cxd3 O-O-O 19. Bxf6 Rde8 20. Re3
Nc6 21. Rfe1 Bd7 22. Rxe8+ Rxe8 23. Rxe8+ Bxe8 24. Qh8 Qd7 25. f4 Qe6 26. Kf2
Nd8 27. Qf8 Qf7 28. Qxf7 Bxf7 29. g4 b5 30. Bxd8 Kxd8 31. f5 c5 32. dxc5 d4 33.
cxd4 Bxa2 34. h4 b4 35. h5 Bg8 36. f6 b3 37. h6 Ke8 38. c6 b2 39. h7 Bxh7 40.
c7 Kd7 41. f7 Kxc7 42. f8=Q b1=Q 43. Qg7+ Kb8 44. Qh8+ Kb7 45. Qxh7+ Kb6 46.
Qh6+ Kb5 47. Qh5+ Kb6 48. Qc5+ Kb7 49. Qe7+ Kb6 50. Qf6+ Kb7 51. g5 Qc2+ 52.
Kg3 a5 53. g6 Qc7+ 54. Kg4 Qh2 55. g7 Qg2+ 56. Kh5 Qe2+ 57. Kg6 Qxd3+ 58. Kf7
Qc4+ 59. Ke8 1-0

[Event "?"]
[Site "ICC 2 19 10/07/97, Internet C"]
[Date "1997.??.??"]
[Round "?"]
[White "Brause"]
[Black "oldtimer"]
[Result "0-1"]
[WhiteElo "2375"]
[BlackElo "2400"]
[PlyCount "95"]

1. e4 e5 2. Nf3 Nc6 3. Nc3 Nf6 4. Nxe5 Nxe5 5. d4 Ng6 6. e5 Ng8 7. Bc4 d6 8.
Qf3 Qd7 9. O-O Qf5 10. Qe2 dxe5 11. f4 e4 12. Nxe4 N6e7 13. Re1 Bd7 14. d5
O-O-O 15. Qf2 Kb8 16. Be3 Nc8 17. Bd4 Nf6 18. Nxf6 gxf6 19. Rac1 Bd6 20. Rf1 c5
21. Bd3 Qxd5 22. Bxf6 c4 23. Bxc4 Qxc4 24. b3 Qc6 25. Bxh8 Rxh8 26. Kh1 Ne7 27.
c4 Bc5 28. Qb2 Rg8 29. Rf3 Bg4 30. Rg3 Nf5 31. Qe5+ Bd6 32. Qxf5 Bxf5 33. Rxg8+
Kc7 34. Rg7 Be4 35. Rxf7+ Kb6 36. c5+ Bxc5 37. Rg7 Qf6 38. Rg3 Qxf4 39. Rd1 h5
40. b4 Bf2 41. Rg8 h4 42. Re8 Bc6 43. Re6 Qg4 44. Rxc6+ bxc6 45. Rd8 h3 46.
Rb8+ Kc7 47. Rc8+ Kxc8 48. gxh3 0-1

[Event "?"]
[Site "ICC 2 10 08/28/97, Internet C"]
[Date "1997.??.??"]
[Round "?"]
[White "Brause"]
[Black "chesshazard"]
[Result "1-0"]
[WhiteElo "2380"]
[BlackElo "1915"]
[PlyCount "36"]

1. e4 e5 2. Nf3 Nc6 3. Nc3 Nf6 4. Nxe5 Nxe5 5. d4 Nc6 6. d5 Nb8 7. e5 Ng8 8. d6
c6 9. Bc4 Na6 10. Qf3 f6 11. Qh5+ g6 12. exf6 Qxf6 13. Qe2+ Kd8 14. Ne4 Qe5 15.
Bg5+ Be7 16. dxe7+ Nxe7 17. Bf6 Qa5+ 18. Bc3 Qxc3+ 1-0

[Event "?"]
[Site "ICC 2 10 08/28/97, Internet C"]
[Date "1997.??.??"]
[Round "?"]
[White "Brause"]
[Black "foodog"]
[Result "1-0"]
[WhiteElo "2485"]
[BlackElo "1915"]
[PlyCount "23"]

1. e4 e5 2. Nf3 Nc6 3. Nc3 Nf6 4. Nxe5 Nxe5 5. d4 Nc6 6. d5 Ne5 7. f4 Ng6 8. e5
Ng8 9. d6 cxd6 10. exd6 Nf6 11. Nb5 Qa5+ 12. Bd2 1-0

[Event "?"]
[Site "ICC 2 10 08/28/97, Internet C"]
[Date "1997.??.??"]
[Round "?"]
[White "Brause"]
[Black "foodog"]
[Result "1-0"]
[WhiteElo "2485"]
[BlackElo "1915"]
[PlyCount "25"]

1. e4 e5 2. Nf3 Nc6 3. Nc3 Nf6 4. Nxe5 Nxe5 5. d4 Nc6 6. d5 Nb8 7. e5 Ng8 8. d6
c6 9. Bc4 b5 10. Bb3 a5 11. Nxb5 cxb5 12. Qd5 Nh6 13. Bxh6 1-0

[Event "?"]
[Site "ICC 2 10 08/28/97, Internet C"]
[Date "1997.??.??"]
[Round "?"]
[White "Brause"]
[Black "foodog"]
[Result "1-0"]
[WhiteElo "2490"]
[BlackElo "1915"]
[PlyCount "35"]

1. e4 e5 2. Nf3 Nc6 3. Nc3 Nf6 4. Nxe5 Nxe5 5. d4 Ng6 6. e5 Ng8 7. Bc4 Bb4 8.
Qf3 Qe7 9. O-O Bxc3 10. bxc3 Nh6 11. g3 O-O 12. Qh5 d6 13. Bxh6 gxh6 14. f4
dxe5 15. f5 Nh8 16. f6 Qd6 17. Qxh6 Be6 18. Qg7# 1-0

[Event "?"]
[Site "ICC 2 10 08/28/97, Internet C"]
[Date "1997.??.??"]
[Round "?"]
[White "Brause"]
[Black "Chuck812"]
[Result "1-0"]
[WhiteElo "2465"]
[BlackElo "2310"]
[PlyCount "77"]

1. e4 Nf6 2. Nc3 e5 3. Nf3 Nc6 4. Nxe5 Nxe5 5. d4 Ng6 6. e5 Ng8 7. Bc4 d6 8.
Qf3 Qd7 9. O-O dxe5 10. dxe5 Nxe5 11. Re1 Bd6 12. Bf4 f6 13. Bb5 c6 14. Rad1
Qe6 15. Qg3 Kf8 16. Bxe5 Bxe5 17. f4 cxb5 18. fxe5 Qb6+ 19. Re3 Bf5 20. Rd6 Qc5
21. Rd5 Qc8 22. Qf4 Ne7 23. exf6 Nxd5 24. Nxd5 Qc5 25. Qe5 g6 26. b4 Qxe3+ 27.
Qxe3 Re8 28. Qh6+ Kf7 29. Qg7+ Ke6 30. Nc7+ Kd6 31. Nxb5+ Ke5 32. f7+ Kf4 33.
fxe8=Q Rxe8 34. Qh6+ Ke5 35. Qe3+ Be4 36. Qc3+ Ke6 37. Nc7+ Kd7 38. Nxe8 Kxe8
39. Qe5+ 1-0

[Event "?"]
[Site "ICC 2 10 08/28/97, Internet C"]
[Date "1997.??.??"]
[Round "?"]
[White "Brause"]
[Black "Mashiach"]
[Result "1-0"]
[WhiteElo "2470"]
[BlackElo "2455"]
[PlyCount "195"]

1. e4 e5 2. Nf3 Nc6 3. Nc3 Nf6 4. Nxe5 Nxe5 5. d4 Nc6 6. d5 Ne5 7. f4 Ng6 8. e5
Ng8 9. d6 Nh6 10. Nb5 Bxd6 11. exd6 O-O 12. Nxc7 Rb8 13. Qd4 b6 14. Bd3 Qh4+
15. Qf2 Qf6 16. O-O Bb7 17. Re1 Ng4 18. Qg3 Nh6 19. Nb5 a6 20. Qg5 Qxg5 21.
fxg5 Ng4 22. Nc7 a5 23. Bb5 N4e5 24. Be3 Bc6 25. Bd4 Bxb5 26. Nxb5 Nc6 27. Bc3
Nf4 28. Rad1 Rfe8 29. Bd2 Ne2+ 30. Kf2 Re5 31. Nc7 Ned4 32. Rxe5 Nxe5 33. Bf4
Nec6 34. c3 Ne6 35. Kf3 b5 36. a3 b4 37. cxb4 axb4 38. a4 Nc5 39. Nd5 Re8 40.
Ne7+ Nxe7 41. dxe7 Nxa4 42. Rxd7 f5 43. gxf6 gxf6 44. Bd6 b3 45. Ba3 Nb6 46.
Rd6 Nc4 47. Rxf6 Nxa3 48. bxa3 Rxe7 49. Rb6 Rf7+ 50. Kg3 Rg7+ 51. Kh3 Re7 52.
Rxb3 Re2 53. g4 Kf7 54. Kg3 Ke6 55. h4 Re4 56. Rb7 Re3+ 57. Kf4 Rxa3 58. h5
Ra4+ 59. Kg3 Ra3+ 60. Kh4 h6 61. Rb6+ Ke5 62. Rxh6 Rd3 63. Rh8 Kf6 64. g5+ Kg7
65. Rc8 Rd4+ 66. Kg3 Rd3+ 67. Kf4 Rd7 68. Rc6 Rd4+ 69. Ke5 Rd7 70. Rg6+ Kh7 71.
Rd6 Ra7 72. Kf6 Ra8 73. Rd7+ Kg8 74. g6 Ra6+ 75. Kf5 Ra5+ 76. Ke6 Ra6+ 77. Rd6
Ra1 78. h6 Re1+ 79. Kf5 Rf1+ 80. Kg4 Rg1+ 81. Kf3 Rf1+ 82. Kg3 Rf8 83. Rd7 Rb8
84. Rg7+ Kh8 85. Rh7+ Kg8 86. Rf7 Rc8 87. Kf4 Rd8 88. h7+ Kh8 89. Kg5 Rd5+ 90.
Rf5 Rxf5+ 91. Kxf5 Kg7 92. h8=Q+ Kxh8 93. Kf6 Kg8 94. g7 Kh7 95. Kf7 Kh6 96.
g8=Q Kh5 97. Qg3 Kh6 98. Qh4# 1-0

[Event "?"]
[Site "ICC 2 10 08/28/97, Internet C"]
[Date "1997.??.??"]
[Round "?"]
[White "Brause"]
[Black "xypher"]
[Result "1-0"]
[WhiteElo "2545"]
[BlackElo "2565"]
[PlyCount "63"]

1. e4 e5 2. Nf3 Nc6 3. Nc3 Nf6 4. Nxe5 Nxe5 5. d4 Ng6 6. e5 Ng8 7. Bc4 Bb4 8.
Qf3 Bxc3+ 9. bxc3 Qe7 10. O-O Rb8 11. Re1 b6 12. Qg3 Bb7 13. Bg5 Qa3 14. e6
fxe6 15. Bxe6 dxe6 16. Qxc7 Rc8 17. Qxb7 Qxc3 18. Qxg7 N8e7 19. Rad1 Qc4 20. d5
Rg8 21. Qf6 Rf8 22. Qxe6 Rf7 23. d6 Qxe6 24. Rxe6 Rxc2 25. dxe7 Nxe7 26. Rde1
Rc7 27. Bxe7 Rcxe7 28. Rxe7+ Rxe7 29. Rxe7+ Kxe7 30. Kf1 b5 31. Ke2 a5 32. Kd3
1-0

[Event "?"]
[Site "ICC 2 12 09/25/97, Internet C"]
[Date "1997.??.??"]
[Round "?"]
[White "Brause"]
[Black "princessPaula"]
[Result "0-1"]
[WhiteElo "2560"]
[BlackElo "2110"]
[PlyCount "55"]

1. e4 Nc6 2. Nf3 e5 3. Nc3 Nf6 4. Nxe5 Nxe5 5. d4 Ng6 6. e5 Ng8 7. Bc4 Bb4 8.
Qf3 Bxc3+ 9. bxc3 Qe7 10. O-O Rb8 11. Re1 Nh6 12. Rb1 O-O 13. Bd3 f6 14. Bxh6
gxh6 15. Qd5+ Kh8 16. Qa5 b6 17. Qxa7 Bb7 18. f3 Nh4 19. Kf1 fxe5 20. Rxe5 Qg7
21. Re2 Bxf3 22. g3 Bxe2+ 23. Kxe2 Qg4+ 24. Ke1 Rbe8+ 25. Kd2 Qg5+ 26. Kd1 Ng2
27. Be4 Rxe4 28. Qxc7 0-1

[Event "?"]
[Site "ICC 2 12 09/25/97, Internet C"]
[Date "1997.??.??"]
[Round "?"]
[White "Brause"]
[Black "RichK"]
[Result "0-1"]
[WhiteElo "2525"]
[BlackElo "2270"]
[PlyCount "161"]

1. e4 e5 2. Nf3 Nc6 3. Nc3 Nf6 4. Nxe5 Nxe5 5. d4 Ng6 6. e5 Ng8 7. Bc4 Bb4 8.
Qf3 Bxc3+ 9. bxc3 Qe7 10. O-O a5 11. a4 Nh6 12. g3 Qf8 13. Ba3 Ne7 14. Rfe1 Rb8
15. d5 c6 16. d6 Ng6 17. Qe3 b6 18. Rab1 Ng4 19. Qd4 h5 20. Rxb6 Ra8 21. Rxc6
dxc6 22. d7+ Bxd7 23. Bxf8 Nxf8 24. h3 Nh6 25. e6 fxe6 26. Qxg7 Nf7 27. Qd4 Rg8
28. h4 Rh8 29. Qb6 Rh6 30. Ba6 e5 31. Bb7 Rb8 32. Qc7 Rd8 33. Re3 Rg6 34. Qxa5
Ne6 35. Qb6 Nf4 36. c4 c5 37. Qxc5 Bxa4 38. Be4 Rg8 39. Bd5 Nxd5 40. cxd5 Bd7
41. Qb6 Bf5 42. Qf6 Bg4 43. c4 Ra8 44. d6 Kf8 45. Rxe5 Rg6 46. Qxg6 Nxe5 47.
Qf6+ Nf7 48. f3 Bh3 49. Kh2 Bf1 50. c5 Bb5 51. Qf5 Re8 52. f4 Re2+ 53. Kg1 Re1+
54. Kg2 Re2+ 55. Kf3 Re8 56. Qd5 Nd8 57. Qg5 Nf7 58. Qg6 Re5 59. Qc2 Bc6+ 60.
Kf2 Rd5 61. Qc3 Rf5 62. Ke3 Ne5 63. fxe5 Rf3+ 64. Kd4 Rxc3 65. Kxc3 Kf7 66. Kc4
Ke6 67. Kd4 Kf5 68. d7 Bxd7 69. Kd5 Be6+ 70. Kd6 Bf7 71. c6 Bc4 72. c7 Be6 73.
Kc6 Kxe5 74. Kb7 Ke4 75. Kb8 Kf3 76. Kb7 Kxg3 77. Kc6 Kxh4 78. Kc5 Kg3 79. Kd6
Bg4 80. Kc6 h4 81. Kb7 0-1

[Event "?"]
[Site "ICC 2 12 09/25/97, Internet C"]
[Date "1997.??.??"]
[Round "?"]
[White "Brause"]
[Black "DrTarrasch"]
[Result "1-0"]
[WhiteElo "2500"]
[BlackElo "2135"]
[PlyCount "83"]

1. e4 e5 2. Nf3 Nc6 3. Nc3 Nf6 4. Nxe5 Nxe5 5. d4 Ng6 6. e5 Ng8 7. Bc4 Bb4 8.
Qf3 Qe7 9. O-O Bxc3 10. bxc3 Nh6 11. g3 O-O 12. Qh5 d5 13. Bxd5 Bg4 14. Qg5
Qxg5 15. Bxg5 Be2 16. Bxb7 Rab8 17. Rfb1 Bc4 18. Bxh6 gxh6 19. Rb4 Ne7 20. Rxc4
Rxb7 21. h4 Rd8 22. Kg2 Kf8 23. Kf3 Ke8 24. Ke4 Rd5 25. Rb4 Rxb4 26. cxb4 Rb5
27. a3 Kd7 28. f4 c6 29. f5 Rb8 30. f6 Nd5 31. c4 Nc7 32. g4 Ke6 33. Rc1 a6 34.
d5+ Kd7 35. dxc6+ Kxc6 36. Rd1 Ne6 37. Rd6+ Kc7 38. Rxa6 Rd8 39. Ra7+ Kc6 40.
Rxf7 Rd4+ 41. Kf5 Rxc4 42. Kxe6 1-0

[Event "?"]
[Site "ICC 2 12 09/25/97, Internet C"]
[Date "1997.??.??"]
[Round "?"]
[White "Brause"]
[Black "DrTarrasch"]
[Result "1-0"]
[WhiteElo "2500"]
[BlackElo "2130"]
[PlyCount "115"]

1. e4 e5 2. Nf3 Nc6 3. Nc3 Nf6 4. Nxe5 Nxe5 5. d4 Ng6 6. e5 Ng8 7. Bc4 Bb4 8.
Qf3 Qe7 9. O-O Bxc3 10. bxc3 Nh6 11. g3 O-O 12. Qh5 d5 13. Bxd5 Bg4 14. Qg5
Qxg5 15. Bxg5 c6 16. Bg2 Be2 17. Rfe1 Bc4 18. f4 Rfe8 19. Bxh6 gxh6 20. f5 Ne7
21. f6 Nd5 22. Bxd5 cxd5 23. Reb1 b6 24. a4 Reb8 25. Kf2 Kf8 26. Rb4 Ke8 27. g4
Kd7 28. a5 b5 29. a6 Rb6 30. Rbb1 Rc8 31. Ra3 Rcc6 32. Rba1 b4 33. cxb4 Rxb4
34. Rc3 Rbb6 35. Rh3 Bxa6 36. Ra2 Rb8 37. Rxh6 Rh8 38. Rh3 Kc7 39. Rha3 Kb7 40.
Ra5 Rd8 41. Ke3 Rb6 42. g5 Rc6 43. h4 Rc3+ 44. Kf4 Be2 45. Rxa7+ Kb6 46. R7a3
Rxa3 47. Rxa3 Rc8 48. Rb3+ Ka6 49. Ra3+ Kb6 50. c3 Bc4 51. e6 fxe6 52. Ke5 Kc6
53. Ra7 Bd3 54. Kxe6 Re8+ 55. Re7 Rf8 56. h5 Be4 57. f7 Kb5 58. Re8 1-0

[Event "?"]
[Site "ICC 2 12 09/25/97, Internet C"]
[Date "1997.??.??"]
[Round "?"]
[White "Brause"]
[Black "DrTarrasch"]
[Result "1-0"]
[WhiteElo "2505"]
[BlackElo "2125"]
[PlyCount "97"]

1. e4 e5 2. Nf3 Nc6 3. Nc3 Nf6 4. Nxe5 Nxe5 5. d4 Ng6 6. e5 Ng8 7. Bc4 Bb4 8.
Qf3 Qe7 9. O-O Bxc3 10. bxc3 Nh6 11. g3 O-O 12. Qh5 d5 13. Bxd5 Bg4 14. Qg5
Qxg5 15. Bxg5 c6 16. Bg2 Be2 17. Rfe1 Bc4 18. f4 Rfe8 19. Bxh6 gxh6 20. f5 Ne7
21. f6 Nd5 22. Bxd5 Bxd5 23. a4 b5 24. Ra3 Reb8 25. Kf2 bxa4 26. Rxa4 Rb2 27.
Re2 Kf8 28. c4 Be6 29. c5 Ke8 30. Ke3 a5 31. Rf2 Kd7 32. Kd3 Kc7 33. Rf4 Kb7
34. Kc3 Rb1 35. Rh4 Ka6 36. Rxh6 Rh8 37. Rh4 Kb5 38. Ra3 h5 39. Kd2 Rh1 40. Rf3
Bg4 41. Rf4 Ra8 42. c3 a4 43. h3 Be6 44. d5 a3 45. dxe6 a2 46. Rb4+ Kxc5 47.
Ra4 Rf8 48. e7 Re8 49. e6 1-0

[Event "?"]
[Site "ICC 2 12 09/25/97, Internet C"]
[Date "1997.??.??"]
[Round "?"]
[White "Brause"]
[Black "DrTarrasch"]
[Result "0-1"]
[WhiteElo "2510"]
[BlackElo "2125"]
[PlyCount "175"]

1. e4 e5 2. Nf3 Nc6 3. Nc3 Nf6 4. Nxe5 Nxe5 5. d4 Ng6 6. e5 Ng8 7. Bc4 Bb4 8.
Qf3 Qe7 9. O-O Bxc3 10. bxc3 Nh6 11. g3 O-O 12. Qh5 d5 13. Bxd5 Bg4 14. Qg5
Qxg5 15. Bxg5 c6 16. Bg2 Be2 17. Rfe1 Bc4 18. f4 Rfe8 19. Bxh6 gxh6 20. f5 Ne7
21. f6 Nd5 22. Bxd5 cxd5 23. Reb1 Ba6 24. Rb3 Rec8 25. Re1 Rc4 26. Kf2 Rac8 27.
Re3 R8c6 28. Ra3 Rb6 29. g4 Rb2 30. Re2 Kf8 31. Rd2 Ke8 32. h3 Kd7 33. h4 Rb1
34. h5 Rc6 35. Kg3 Bc4 36. Rxa7 Ra6 37. Rxa6 bxa6 38. a4 Ra1 39. Kf4 Rxa4 40.
Rd1 Ra2 41. Rc1 Ra3 42. Rb1 Bb5 43. c4 dxc4 44. d5 Rh3 45. Ra1 Rh2 46. c3 Rf2+
47. Ke3 Rg2 48. Kf4 Rc2 49. Ra3 Rb2 50. Ra1 Rf2+ 51. Ke3 Rg2 52. Kf4 Rc2 53.
Ra3 Rd2 54. Ke4 Rd3 55. Ra5 Rxc3 56. Ra1 Rc2 57. Ra3 Re2+ 58. Kf5 Rd2 59. Ke4
Rd3 60. Ra2 c3 61. Rc2 Bc4 62. Rc1 a5 63. d6 Ke6 64. Rc2 a4 65. Rc1 a3 66. g5
a2 67. g6 hxg6 68. hxg6 fxg6 69. Rg1 Rd5 70. Ra1 Rxe5+ 71. Kd4 Bb3 72. d7 Rd5+
73. Kxc3 Rxd7 74. Kxb3 Rb7+ 75. Kc4 Ra7 76. f7 Kxf7 77. Kd5 g5 78. Rf1+ Kg6 79.
Ra1 h5 80. Kc6 g4 81. Kb6 Ra3 82. Kc5 Kg5 83. Kb4 Ra8 84. Kc4 h4 85. Kd3 h3 86.
Kd2 g3 87. Ke3 Kg4 88. Rc1 0-1

[Event "?"]
[Site "ICC 2 12 09/25/97, Internet C"]
[Date "1997.??.??"]
[Round "?"]
[White "Brause"]
[Black "DrTarrasch"]
[Result "0-1"]
[WhiteElo "2480"]
[BlackElo "2155"]
[PlyCount "111"]

1. e4 e5 2. Nf3 Nc6 3. Nc3 Nf6 4. Nxe5 Nxe5 5. d4 Ng6 6. e5 Ng8 7. Bc4 Bb4 8.
Qf3 Qe7 9. O-O Bxc3 10. bxc3 Nh6 11. g3 O-O 12. Qh5 d5 13. Bxd5 Bg4 14. Qg5
Qxg5 15. Bxg5 c6 16. Bg2 Be2 17. Rfe1 Bc4 18. f4 Rfe8 19. Bxh6 gxh6 20. f5 Ne7
21. f6 Nd5 22. Bxd5 cxd5 23. Reb1 Ba6 24. Rb3 Rec8 25. Re1 Rc4 26. Ra3 Rac8 27.
Re3 R8c6 28. Ra5 b5 29. g4 Rb6 30. Kf2 Rc7 31. a4 bxa4 32. Rxd5 Rc8 33. Ra5 Bc4
34. Rxa4 Ra6 35. Rxa6 Bxa6 36. Rh3 Bc4 37. Ke1 a5 38. Kd2 a4 39. Rg3 a3 40. Rg1
a2 41. Ra1 Rb8 42. Kc1 Kf8 43. h3 Ke8 44. h4 Kd7 45. g5 h5 46. d5 Rb5 47. d6
Ke6 48. Kd2 Rb1 49. Rxa2 Bxa2 50. c4 Bxc4 51. Kc3 Bd5 52. d7 Kxd7 53. Kd4 Ke6
54. Ke3 Rh1 55. c3 Rxh4 56. Kf2 0-1

[Event "?"]
[Site "ICC 2 12 09/25/97, Internet C"]
[Date "1997.??.??"]
[Round "?"]
[White "Brause"]
[Black "DrTarrasch"]
[Result "1-0"]
[WhiteElo "2450"]
[BlackElo "2180"]
[PlyCount "91"]

1. e4 e5 2. Nf3 Nc6 3. Nc3 Nf6 4. Nxe5 Nxe5 5. d4 Ng6 6. e5 Ng8 7. Bc4 Bb4 8.
Qf3 Qe7 9. O-O Bxc3 10. bxc3 Nh6 11. g3 O-O 12. Qh5 d5 13. Bxd5 Bg4 14. Qg5
Qxg5 15. Bxg5 c6 16. Bg2 Be2 17. Rfe1 Bc4 18. f4 Rfe8 19. Bxh6 gxh6 20. f5 Ne7
21. f6 Nd5 22. Bxd5 cxd5 23. Reb1 Ba6 24. Rb3 Rec8 25. Re1 Rc4 26. Ra3 Rac8 27.
Re3 R8c6 28. Kf2 b5 29. Kf3 Rb6 30. Kf4 Ra4 31. Rxa4 bxa4 32. a3 Bc8 33. c4 Be6
34. cxd5 Bxd5 35. Rc3 Rc6 36. Rxc6 Bxc6 37. c4 Kf8 38. d5 Bd7 39. c5 Bh3 40. c6
Ke8 41. e6 fxe6 42. d6 e5+ 43. Kxe5 Bg4 44. Kd4 Bh5 45. d7+ Kd8 46. Kd5 1-0

[Event "?"]
[Site "ICC 2 12 09/25/97, Internet C"]
[Date "1997.??.??"]
[Round "?"]
[White "Brause"]
[Black "DrTarrasch"]
[Result "1-0"]
[WhiteElo "2455"]
[BlackElo "2175"]
[PlyCount "27"]

1. e4 e5 2. Nf3 Nc6 3. Nc3 Nf6 4. Nxe5 Nxe5 5. d4 Ng6 6. e5 Ng8 7. Bc4 Bb4 8.
Qf3 Qe7 9. O-O Bxc3 10. bxc3 Nh6 11. g3 O-O 12. Qh5 d5 13. exd6 Bg4 14. dxe7
1-0

[Event "?"]
[Site "ICC 2 12 09/25/97, Internet C"]
[Date "1997.??.??"]
[Round "?"]
[White "Brause"]
[Black "DrTarrasch"]
[Result "1-0"]
[WhiteElo "2460"]
[BlackElo "2185"]
[PlyCount "89"]

1. e4 e5 2. Nf3 Nc6 3. Nc3 Nf6 4. Nxe5 Nxe5 5. d4 Ng6 6. e5 Ng8 7. Bc4 Bb4 8.
Qf3 Qe7 9. O-O Bxc3 10. bxc3 Nh6 11. g3 O-O 12. Qh5 d5 13. Bxd5 Bg4 14. Qg5
Qxg5 15. Bxg5 c6 16. Bg2 Be2 17. Rfe1 Bc4 18. f4 Rfe8 19. Bxh6 gxh6 20. f5 Ne7
21. f6 Nd5 22. Bxd5 cxd5 23. Reb1 Ba6 24. Rb3 Rec8 25. Re1 Rc4 26. Ra3 Rac8 27.
Re3 R8c6 28. Kf2 Kf8 29. Ke1 Ke8 30. Kd2 h5 31. Rf3 Kd7 32. Rf5 Rc8 33. Rxh5
Rh8 34. g4 Rc6 35. h4 Ke6 36. Rh6 Rcc8 37. Ke3 Ra8 38. Ra4 Bc4 39. h5 a5 40.
Ra3 a4 41. Kf3 Rag8 42. Rxa4 Ra8 43. Rxh7 Rxa4 44. Rxh8 Rxa2 45. Rd8 1-0

[Event "?"]
[Site "ICC 2 12 09/25/97, Internet C"]
[Date "1997.??.??"]
[Round "?"]
[White "Brause"]
[Black "mishah"]
[Result "1-0"]
[WhiteElo "2465"]
[BlackElo "1905"]
[PlyCount "31"]

1. e4 e5 2. Nf3 Nc6 3. Nc3 Nf6 4. Nxe5 Nxe5 5. d4 Nc6 6. d5 Nb8 7. e5 Ng8 8. d6
cxd6 9. exd6 Qb6 10. Nb5 Na6 11. Qe2+ Kd8 12. Be3 Qc6 13. O-O-O Nf6 14. Nxa7
Qa4 15. Bb6+ Nc7 16. Bxc7# 1-0

[Event "?"]
[Site "ICC 2 12 09/25/97, Internet C"]
[Date "1997.??.??"]
[Round "?"]
[White "Brause"]
[Black "chessmsater"]
[Result "0-1"]
[WhiteElo "2495"]
[BlackElo "2355"]
[PlyCount "65"]

1. e4 e5 2. Nf3 Nc6 3. Nc3 Nf6 4. Nxe5 Nxe5 5. d4 Ng6 6. e5 Ng8 7. Bc4 d6 8.
Qf3 Qd7 9. O-O dxe5 10. dxe5 Nxe5 11. Re1 Bd6 12. Bf4 f6 13. Bb5 c6 14. Rad1
Qe6 15. Qg3 Kf8 16. Bxe5 Bxe5 17. f4 cxb5 18. fxe5 Qb6+ 19. Kh1 Bf5 20. Rd6 Qc5
21. Qf3 b4 22. exf6 Nxf6 23. Qxb7 Re8 24. Rxe8+ Kxe8 25. Ra6 bxc3 26. Rxa7 Kd8
27. Ra8+ Bc8 28. Rxc8+ Qxc8 29. Qxg7 Qf5 30. Qxh8+ Kc7 31. h3 Qf1+ 32. Kh2 Qf4+
33. g3 0-1

[Event "?"]
[Site "ICC 2 12 09/25/97, Internet C"]
[Date "1997.??.??"]
[Round "?"]
[White "Brause"]
[Black "chessmsater"]
[Result "1/2-1/2"]
[WhiteElo "2470"]
[BlackElo "2400"]
[PlyCount "85"]

1. e4 e5 2. Nf3 Nc6 3. Nc3 Nf6 4. Nxe5 Nxe5 5. d4 Ng6 6. e5 Ng8 7. Bc4 d6 8.
Qf3 Qd7 9. O-O dxe5 10. dxe5 Nxe5 11. Re1 Bd6 12. Qg3 Qe7 13. f4 Nxc4 14. Rxe7+
Nxe7 15. Qxg7 Bc5+ 16. Kh1 Rg8 17. Qxh7 Bf5 18. Qh5 Rd8 19. Qf3 Bxc2 20. f5
Nxf5 21. Qe2+ Nfe3 22. Bxe3 Bd3 23. Qf3 Nxe3 24. Re1 Kf8 25. Rxe3 Bxe3 26. Qxe3
Rg6 27. Qc5+ Kg8 28. Qxc7 Re8 29. h4 Bf1 30. g3 Ba6 31. Qd7 Re1+ 32. Kg2 Re3
33. g4 Rb6 34. Kf2 Ree6 35. b3 Rbd6 36. Qc8+ Kg7 37. Qc5 Rf6+ 38. Ke3 Rd3+ 39.
Ke4 Re6+ 40. Kf4 Rf6+ 41. Ke4 Re6+ 42. Kf4 Rf6+ 43. Ke4 1/2-1/2

[Event "?"]
[Site "ICC 2 12 09/25/97, Internet C"]
[Date "1997.??.??"]
[Round "?"]
[White "Brause"]
[Black "DrTarrasch"]
[Result "1-0"]
[WhiteElo "2465"]
[BlackElo "2180"]
[PlyCount "97"]

1. e4 e5 2. Nf3 Nc6 3. Nc3 Nf6 4. Nxe5 Nxe5 5. d4 Ng6 6. e5 Ng8 7. Bc4 Bb4 8.
Qf3 Qe7 9. O-O Bxc3 10. bxc3 Nh6 11. g3 O-O 12. Qh5 d5 13. Bxd5 Bg4 14. Qg5
Qxg5 15. Bxg5 c6 16. Bg2 Be2 17. Rfe1 Bc4 18. f4 Rfe8 19. Bxh6 gxh6 20. f5 Ne7
21. f6 Nd5 22. Bxd5 cxd5 23. Reb1 Ba6 24. Rb3 Rac8 25. Re1 Rc4 26. Ra3 Rec8 27.
Re3 R4c6 28. Kg2 R8c7 29. g4 Bc4 30. Rxa7 Ra6 31. Rxa6 bxa6 32. a4 Rb7 33. Re1
Rb2 34. Kg1 Kf8 35. Rc1 Ke8 36. h4 Kd7 37. Kf2 Kc6 38. Ke3 Ra2 39. e6 Rb2 40.
exf7 Rb8 41. Kf4 Rf8 42. Ke5 Kd7 43. Rb1 Rxf7 44. Rb7+ Ke8 45. Rb8+ Kd7 46. Rg8
Ba2 47. Rg7 Ke8 48. Ke6 Rf8 49. f7+ 1-0

[Event "?"]
[Site "ICC 2 12 09/25/97, Internet C"]
[Date "1997.??.??"]
[Round "?"]
[White "Brause"]
[Black "mishah"]
[Result "1-0"]
[WhiteElo "2470"]
[BlackElo "1905"]
[PlyCount "69"]

1. e4 e5 2. Nf3 Nc6 3. Nc3 Nf6 4. Nxe5 Nxe5 5. d4 Ng6 6. e5 Ng8 7. Bc4 d6 8.
Qf3 Be6 9. Qxb7 Qc8 10. Qc6+ Bd7 11. Qf3 f6 12. exf6 Nxf6 13. Nd5 Be7 14. Ba6
Qd8 15. Nxc7+ Qxc7 16. Qxa8+ Kf7 17. Qb7 Qxc2 18. O-O Bc6 19. Qb3+ Qxb3 20.
axb3 d5 21. Bd3 Ra8 22. Bd2 Bd8 23. Be3 Bb6 24. h3 Nf8 25. Rac1 Rc8 26. Ba6 Rc7
27. Bf4 Bb5 28. Bxb5 Rxc1 29. Rxc1 Bxd4 30. Rc7+ Kg6 31. Bd3+ Ne4 32. Be3 Bxe3
33. fxe3 Ne6 34. Bxe4+ dxe4 35. Rxa7 1-0

[Event "?"]
[Site "ICC 2 10 08/29/97, Internet C"]
[Date "1997.??.??"]
[Round "?"]
[White "Brause"]
[Black "Rhythm"]
[Result "1-0"]
[WhiteElo "2595"]
[BlackElo "2285"]
[PlyCount "75"]

1. e4 e5 2. Nf3 Nf6 3. Nc3 Nc6 4. Nxe5 Nxe5 5. d4 Ng6 6. e5 Ng8 7. Bc4 Bb4 8.
Qf3 Bxc3+ 9. bxc3 Qe7 10. O-O Rb8 11. Re1 Nh6 12. Bxh6 gxh6 13. Qh5 Qh4 14. Qf3
Rf8 15. Re4 Qg5 16. a4 b6 17. Bd5 Ne7 18. Rg4 Qd2 19. Bb3 Bb7 20. Qh3 Nd5 21.
Qh5 Nxc3 22. Bxf7+ Ke7 23. Rg7 Kd8 24. Qh4+ Kc8 25. e6 Ne2+ 26. Kh1 Bxg2+ 27.
Rxg2 Kb7 28. Qe4+ c6 29. Rg7 Qc3 30. Rd1 Qc4 31. Bh5 Nc3 32. Rxd7+ Ka8 33. Qxh7
Qxa4 34. Re1 Nd5 35. e7 Nf6 36. exf8=Q Rxf8 37. Qg7 Nxd7 38. Qxd7 1-0

[Event "?"]
[Site "ICC 2 10 08/29/97, Internet C"]
[Date "1997.??.??"]
[Round "?"]
[White "Brause"]
[Black "DOPEY"]
[Result "1-0"]
[WhiteElo "2595"]
[BlackElo "1925"]
[PlyCount "28"]

1. e4 e5 2. Nf3 Nc6 3. Nc3 Nf6 4. Nxe5 Nxe5 5. d4 Nc6 6. d5 Ne5 7. f4 Ng6 8. e5
Ng8 9. d6 cxd6 10. exd6 Nf6 11. Nb5 Qb6 12. Nc7+ Kd8 13. Nxa8 Bxd6 14. Nxb6
axb6 1-0

[Event "?"]
[Site "ICC 2 10 08/29/97, Internet C"]
[Date "1997.??.??"]
[Round "?"]
[White "Brause"]
[Black "DarthWader"]
[Result "1-0"]
[WhiteElo "2680"]
[BlackElo "2555"]
[PlyCount "59"]

1. e4 e5 2. Nf3 Nc6 3. Nc3 Nf6 4. Nxe5 Nxe5 5. d4 Ng6 6. e5 Ng8 7. Bc4 d6 8.
Qf3 Qd7 9. O-O dxe5 10. dxe5 Nxe5 11. Re1 Bd6 12. Bf4 f6 13. Bb5 c6 14. Rad1
Qe6 15. Qg3 g5 16. Bxe5 Bxe5 17. f4 gxf4 18. Qg7 cxb5 19. Nd5 h6 20. Rxe5 Qxe5
21. Nc7+ Qxc7 22. Qxc7 Bg4 23. Qxb7 Bxd1 24. Qxa8+ Ke7 25. Qb7+ Kf8 26. Qc8+
Kf7 27. Qd7+ Ne7 28. Qxd1 Rc8 29. Qh5+ Kg7 30. c3 1-0

[Event "?"]
[Site "ICC 2 12 09/08/97, Internet C"]
[Date "1997.??.??"]
[Round "?"]
[White "Brause"]
[Black "Windows95"]
[Result "0-1"]
[WhiteElo "2450"]
[BlackElo "1915"]
[PlyCount "111"]

1. e4 e5 2. Nf3 Nc6 3. Nc3 Nf6 4. Nxe5 Nxe5 5. d4 Ng6 6. e5 Ng8 7. Bc4 Bb4 8.
Qf3 Qe7 9. O-O Bxc3 10. bxc3 Nh6 11. g3 O-O 12. Qh5 c6 13. Bxh6 gxh6 14. f4 d5
15. Bd3 f5 16. Qxh6 Be6 17. a4 b6 18. Qg5 Qxg5 19. fxg5 Kg7 20. Rf3 c5 21. Raf1
Ne7 22. g4 f4 23. Rxf4 Ng6 24. Rxf8 Rxf8 25. Bf5 Re8 26. Bxe6 Rxe6 27. Rf6 Rxf6
28. gxf6+ Kf7 29. Kf2 Nf4 30. h4 c4 31. Kf3 Ne6 32. Ke2 a5 33. Kd2 Kg6 34. Ke3
Nc7 35. Ke2 Ne6 36. Kd2 h6 37. Ke2 Kf7 38. Kd2 Nf8 39. Ke3 Ne6 40. Ke2 Nc7 41.
Kd2 b5 42. axb5 Nxb5 43. g5 hxg5 44. hxg5 a4 45. Kc1 a3 46. Kb1 Nxc3+ 47. Ka1
Ne2 48. Ka2 Nxd4 49. Kxa3 Nxc2+ 50. Kb2 Nd4 51. Kc3 Nf3 52. Kc2 Nxg5 53. Kc3
Nf3 54. Kb4 Nxe5 55. Kc3 Kxf6 56. Kd4 0-1